Statistics for Countries A-Z by Clue

Click here to take the quiz!

General Stats

  • This quiz has been taken 589 times
  • The average score is 18 of 24

Answer Stats

Clue Country % Correct
AAlgiers is its capitalAlgeria
96%
FThe Louvre is found hereFrance
94%
O4-letter Arabian peninusla countryOman
92%
VWhere the Pope livesVatican City
91%
QOnly country starting with QQatar
91%
PAuschwitz, Warsawa, ChopinPoland
91%
JHas the most populous cityJapan
89%
RTransylvania is located hereRomania
88%
YCities include Sanaa and Ta'izzYemen
85%
HSmallest Hispaniolan countryHaiti
84%
ITheir leader is Ali KhameneiIran
84%
SDoesn't recognise Kosovo as
an independent country
Serbia
81%
UCrimea's previous ownerUkraine
80%
ZShona is its official languageZambia
80%
DAnthem: Der er et yndigt landDenmark
79%
KAlmaty is its largest cityKazakhstan
72%
CMadagascar's closest countryComoros
69%
BCountry with 9 (or 10) bordersBrazil
68%
TDollar is to USA as Baht is to ?Thailand
66%
L'Doubly-landlocked' countryLiechtenstein
59%
G"Island of Spice"Grenada
48%
ERichest country in AfricaEquatorial Guinea
48%
NPrince (and his emails) live hereNigeria
43%
MBoth its currency and its capital
start with this letter
Mozambique
20%

Score Distribution

Percentile by Number Answered

Percent of People with Each Score

Your Score History

You have not taken this quiz